Introduction to physical education, fitness, and sport / (Record no. 109198)
[ view plain ]
| 000 -LEADER | |
|---|---|
| fixed length control field | 00670cam a2200229 a 4500 |
| 001 - CONTROL NUMBER | |
| control field | 11963367 |
| 005 - DATE AND TIME OF LATEST TRANSACTION | |
| control field | 20181129120201.0 |
| 008 - FIXED-LENGTH DATA ELEMENTS--GENERAL INFORMATION | |
| fixed length control field | 000404s2001 caua b 001 0 eng |
| 020 ## - INTERNATIONAL STANDARD BOOK NUMBER | |
| International Standard Book Number | 0767416627 |
| 040 ## - CATALOGING SOURCE | |
| Transcribing agency | PK-LaUMT |
| 082 00 - DEWEY DECIMAL CLASSIFICATION NUMBER | |
| Classification number | 613.71 |
| Edition number | 21 |
| Item number | SIE-I |
| 100 1# - MAIN ENTRY--PERSONAL NAME | |
| Personal name | Siedentop, Daryl |
| 245 10 - TITLE STATEMENT | |
| Title | Introduction to physical education, fitness, and sport / |
| Statement of responsibility, etc | Daryl Siedentop |
| 250 ## - EDITION STATEMENT | |
| Edition statement | 4th ed. |
| 260 ## - PUBLICATION, DISTRIBUTION, ETC. (IMPRINT) | |
| Place of publication, distribution, etc | Mountain View, Calif. : |
| Name of publisher, distributor, etc | Mayfield Publishing Co., |
| Date of publication, distribution, etc | 2001 |
| 300 ## - PHYSICAL DESCRIPTION | |
| Extent | xvi, 432 p. ; |
| Other physical details | ill. ; |
| Dimensions | 25 cm. |
| 650 #0 - SUBJECT ADDED ENTRY--TOPICAL TERM | |
| Topical term or geographic name as entry element | Physical education and training. |
| 650 #0 - SUBJECT ADDED ENTRY--TOPICAL TERM | |
| Topical term or geographic name as entry element | Physical fitness. |
| 650 #0 - SUBJECT ADDED ENTRY--TOPICAL TERM | |
| Topical term or geographic name as entry element | Sports. |
| 650 #0 - SUBJECT ADDED ENTRY--TOPICAL TERM | |
| Topical term or geographic name as entry element | Sports sciences. |
| 942 ## - ADDED ENTRY ELEMENTS (KOHA) | |
| Koha item type | Books |
| Withdrawn status | Lost status | Damaged status | Home library | Current library | Date acquired | Full call number | Barcode | Date last seen | Price effective from | Koha item type |
|---|---|---|---|---|---|---|---|---|---|---|
| UMT Main Campus | UMT Main Campus | 2018-11-29 | 613.71 SIE-I | 125337 | 2018-11-29 | 2018-11-29 | Books |
